| 000 | 01058cam a22003497a 4500 | ||
|---|---|---|---|
| 003 | CHAP | ||
| 005 | 20220817043627.0 | ||
| 008 | 000225d it rn 00110 spa d | ||
| 010 | _a80101 | ||
| 011 | _a81073 | ||
| 022 | _a0251-1894 | ||
| 035 | _a91533 | ||
| 040 | _cCHAP | ||
| 082 | 0 | 4 |
_a333 _bF44Y |
| 110 | 2 | _aFAO | |
| 245 | 1 | 0 |
_aReforma agraria : _bcolonización y cooperativas 1998/2 _c/ed. por P. Groppo |
| 260 |
_aRoma : _bFAO, _c1998. |
||
| 300 | _a137 p. : | ||
| 500 | _aed. trilingue: español, inglés, francés. | ||
| 590 |
_aBATCH-UPD _b10 _c20130110 _lUCH01 _h1900 |
||
| 590 |
_aBATCH-UPD _b10 _c20130410 _lUCH01 _h1228 |
||
| 590 |
_aBATCH-UPD _b10 _c20130914 _lUCH01 _h1011 |
||
| 590 |
_aCONVERSION _b10 _c20130109 _lUCH01 _h1344 |
||
| 650 | 1 | 4 |
_aColonización agrícola. _925386 |
| 650 | 1 | 4 |
_aReforma agraria. _995517 |
| 650 | 1 | 4 |
_aTierras _xTenencia. _9113130 |
| 700 | 0 |
_aGroppo, P. _eed. _950790 |
|
| 901 | _aBK | ||
| 905 | _aPatricia Mendoza P. | ||
| 942 | _cLIBRO | ||
| 949 |
_a333 F44Y _bBC _cFAO _d33724000757803 _eFAO1 _h97349 _i91533 _st |
||
| 999 |
_c80101 _d80101 |
||